| 000 | 00481nam a22001817a 4500 | ||
|---|---|---|---|
| 003 | CEME | ||
| 005 | 20210628202400.0 | ||
| 008 | 210121b xxu||||| |||| 00| 0 eng d | ||
| 020 | _a81-239-0493-2 | ||
| 040 | _c. | ||
| 082 | _a515.33 PIS | ||
| 100 |
_aPiskunov ,N _959662 |
||
| 245 | _aDifferential and integral calculus vol-1 | ||
| 260 |
_aNEW DELHI _bCBS PUBLICATION _c1996 |
||
| 300 | _a471 P | ||
| 650 |
_aDIFFERENTIAL CALCULUS.INTEGRAL CALCULUS _959663 |
||
| 942 |
_cBK _2ddc |
||
| 999 |
_c569585 _d569585 |
||